| 000 | 00320nam a2200121Ia 4500 | ||
|---|---|---|---|
| 008 | 190216s9999||||xx |||||||||||||| ||und|| | ||
| 100 | _aAisha M A | ||
| 245 | 0 | _aHand Book Of Correspondence Courses And Distance Education | |
| 260 |
_bJaima Nagar _c1990 |
||
| 300 | _a214p | ||
| 650 | _aGeneral Libraries | ||
| 942 | _cREF | ||
| 999 |
_c36052 _d36052 |
||